000 00474nam a2200193Ia 4500
003 OSt
005 20230426115436.0
008 210423s2011 xx 000 0 und d
040 _cAL
041 _aeng
082 _a658 ASWK
_223
100 _aASWATHAPPA (K).
_993341
245 _aBusiness perspectives.
260 _aNew Delhi
_bHimalaya Publishing House
_c2011
300 _a462
_bPB
365 _b290
_cINR
906 _aBusiness ; perspectives.
942 _2ddc
_cBK
999 _c161701
_d161701